01673nam a2200157 4500008000600000020001700006082001800023100005100041245003000092260003900122300003700161505110100198650008701299999001501386952011401401G662g a978199864705 a700.74bG662g aGordon, Leah (compilación y edición)96320 aGhetto Biennale 2009-2015 aReino UnidobBlackwell Printc2017 a234 p.bill. (col)c29.5 x 22 cm tIntrotMap of locationtRevolution on the Grand RuerTim Austin & Kathy SmithtLocal artists´ CompendiumtAcknowledgmentst1st Ghetto Biennale 2009tProject and artist listtThe germ of the future?rPolly Savaget2nd Ghetto Biennale 2011tProject and artist listtFootnotes on the Ghetto BiennalerCharlotte Hammondt3rd Ghetto Biennale 2013tProject and artist listtHinging upon history: photography and the Ghetto BiennalerEmilie Boone t4th Ghetto BiennaletProject and artist listtContested creativities in Haiti´s Ghetto BiennalerPetter HaffnertOutrotWeird commerce at the Ghetto Biennale rJohn CussanstConversations about the Ghetto BiennalerClaude CasseustJe nan je: Haitian visual epistemologies rElizabeth McAlistertHaiti in a Carribbean ContextrKwynn JohnsontIn vodou, art is divinerJean-Daniel LafontanttVodou slam interviewrRossi Jacques CasimirtHaiti in dispairrRossi Jacques CasimirtBlack ButterflyrLéonard Jean Baptiste & Makenson BijoutUrgenciesrJean d´ÀmeriquetThinking about the Ghetto Biennale when in KosovorJohn KieffertEnd wordsrLeah Gordon xarte contemporáneoxarte - exhibicionesxHaitíxarte - bienal - festival96321 c1463d1463 00102ddc4070aLVbLVcEventos y Bienalesd2018-05-24l0o700.74 G662gr2018-05-24 00:00:00w2018-05-24y01